000 00552nam a2200193Ia 4500
005 20260114185658.0
008 008 260114s9999 xx 000 0 eng d
020 _a9781472599940
037 _aEBOOK
040 _aCRL
_beng
_cCRL
041 _aeng
_2eng
084 _qCRL
100 _aMark Nicholls
_9873042
245 0 _aSir Walter Raleigh In Life and Legend
260 _bBloomsbury
_c2011
856 _uhttps://doi.org/10.5040/9781472599940?locatt=label:secondary_bloomsburyCollections
942 _cEBOOK
999 _c1471990
_d1471990